01793nam a2200313Ic 450000100060000000300100000600500170001600700030003300800410003602000180007704000350009504100080013008200210013810000410015924500970020025000230029726400480032030000860036833600270045433700330048133800280051452007410054252100410128353400260132465000270135065000350137765000340141265000330144659528CO-BoRNBP20251022154845.0ta250128s2024 ck ado g 000 0 spa d a9789585084018 aCO-BoRNBPbspaerdacCO-BoRNBP0 aspa04a363.61bS67v223 aCárdenas León, Jorge Alonsoeaut10aCalidad del agua para estudiantes de ciencias ambientales /cJorge Alonso Cárdenas León. aEdición especial 1aBogotá, Colombia :bEcoe Ediciones,c2024 axxi, 387 páginas :bilustraciones, diagramas y fotografías en blanco y negro, atextobtxt2rdacontent asin mediaciónbn2rdamedia avolumenbnc2rdacarrier aEsta obra se compone de veintiún (21) capítulos, donde los dos primeros introducen al tema y los dos últimos lo ubican en un contexto ambiental más amplio y práctico. Con pocas excepciones, cada capítulo puede abordarse individualmente, sin estar condicionado al estudio previo de los anteriores. Dirigido a estudiantes y profesionales de programas académicos como Ecología, Hidrología, Biología, Química y Administración Ambiental, a algunas ingenierías tales como Civil, Química, Sanitaria y Ambiental, entre otras. También aplica para estudiantes y profesionales de diversas tecnologías en el área ambiental, tales como Saneamiento Ambiental, Servicios Públicos y Gestores ambientales, entre otros aRecomendado para un público adulto tSuperhuman innovation07aCalidad del agua2LEMB07aContaminación del agua2lemb07aPurificación del agua2lemb07aUtilización del agua2lemb